000 00791nam a22002297a 4500
005 20260411100748.0
008 260410b |||||||| |||| 00| 0 eng d
020 _a9788126547234
040 _cAL
041 _aEnglish
082 _a621.3192
_bLAIP
100 _aLoi Lei Lai Ed
_9261441
245 _aPower system restructuring and deregulation
_b: trading performance and information technology
260 _aNew Delhi
_bWiley India Pvt Ltd
_c2001
300 _axxix,468p.
_bPB
_c23.5x18cm.
365 _aVBI-2645
_b₹896.25
_c
_d₹1195.00
_e25%
_f20-02-2026
650 _aElectrical Engineering
_9261442
650 _a Power Systems
_9261443
650 _aEnergy Economics and Market Trading
_9261444
650 _aInformation Technology in Power Sector
_9261445
942 _2ddc
_cBK
999 _c241223
_d241223